Statistics for Famous WW2 Generals

Click here to take the quiz!

General Stats

  • This quiz has been taken 937 times
  • The average score is 5 of 9

Answer Stats

Action(s)General% Correct
Became the 34th President of the United StatesDwight D. Eisenhower
93%
Known for his fearlessness and great skill; nicknamed "the crazy cowboy general" by HitlerGeorge S. Patton
81%
Played a big role in leading the Red Army in capturing BerlinGeorgy Zhukov
77%
Considered the mastermind behind the Pearl Harbor AttacksIsoroku Yamamoto
72%
He and President Truman disagreed on thingsDouglas MacArthur
68%
Greatly contributed for the U.S. in The Battle of the BulgeOmar Bradley
36%
Head of the RAF Fighter Command during the Battle of BritianHugh Dowding
22%
Architect of the deadly U-Boat campaignKarl Doenitz
21%
Known for his "incredible" victory at Midway, was the turning point in the Pacific WarRaymond Spruance
13%

Score Distribution

Percentile by Number Answered

Percent of People with Each Score

Your Score History

You have not taken this quiz